<Le> budget de l'Union européenne

Uložené v:
Podrobná bibliografia
Médium: Kniha
Jazyk:French
Vydavateľské údaje: Luxembourg Office des publications officielles des Communautés européennes 1994
Edícia:<L'> Europe en mouvement
Tagy: Pridať tag
Žiadne tagy, Buďte prvý, kto otaguje tento záznam!

MARC

LEADER 00000nam a2200000 4500
001 c017246
005 20260120094152.5
020 |a 92-826-7489-4 
041 0 |a fre 
044 |a LU 
245 1 0 |a <Le> budget de l'Union européenne 
264 1 |a Luxembourg  |b Office des publications officielles des Communautés européennes  |c 1994 
300 |a 8 s. 
490 1 |a <L'> Europe en mouvement 
830 0 |a <L'> Europe en mouvement